Záhradné centrum Trenčín

Na minha lista:
Detalhes bibliográficos
Autor principal: Kubo, Adam (Author)
Outros Autores: Ingeli, Rastislav (Thesis advisor)
Formato: Manuscrito Livro
Idioma:eslovaco
Publicado em: 2025
Assuntos:
Acesso em linha:http://is.stuba.sk/zp/portal_zp.pl?podrobnosti=182494
CRZP
Tags: Adicionar Tag
Sem tags, seja o primeiro a adicionar uma tag!

MARC

LEADER 00000ntm a22000003a 4500
001 stuzp105893
003 SK-STU
005 20250728112708.2
007 ta
008 150427s2015----xo-----f-mn---000-0-slo-d
040 |a STU  |b slo 
041 0 |a slo 
100 1 |a Kubo, Adam  |u 010180  |4 aut  |U SvF Stavebná fakulta  |T SvF Katedra konštrukcií pozemných stavieb  |X 104567  |U V180  |Y 18  |7 104567 
242 0 1 |a Garden Center Trenčín  |y eng 
245 1 0 |a Záhradné centrum Trenčín 
260 |c 2025 
650 4 |a green wall  |2 eng 
650 4 |a environmental impact  |2 eng 
650 4 |a daylighting  |2 eng 
650 4 |a structure  |2 eng 
650 4 |a building  |2 eng 
650 4 |a garden center  |2 eng 
650 4 |a konštrukcia  |2 slo 
650 4 |a záhradné centrum  |2 slo 
650 4 |a svetlotechnika  |2 slo 
650 4 |a zelená stena  |2 slo 
650 4 |a environmentálna záťaž  |2 slo 
650 4 |a stavba  |2 slo 
700 1 |a Ingeli, Rastislav  |u 010180  |k Z1  |4 ths  |U SvF Stavebná fakulta  |T SvF Katedra konštrukcií pozemných stavieb  |X 23863  |U V180  |Y 18  |7 A000023863 
856 4 |u http://is.stuba.sk/zp/portal_zp.pl?podrobnosti=182494 
856 4 |u https://opac.crzp.sk/?fn=detailBiblioForm&sid=809C367C54749DCAA145A8FF7E5A  |z CRZP